[Event "Landsturneringen 2022"]
[Site "Kongsvingerhallen"]
[Date "2022.07.08"]
[Round "5"]
[White "Kvaløy, Aksel Bu"]
[Black "Unneland, Mathias"]
[Result "1-0"]
[WhiteElo "2289"]
[BlackElo "2251"]
1. d4 {[%clk 01:30:49]} {[%emt 00:00:08]} Nf6 {[%clk 01:30:27]} {[%emt
00:00:36]} 2. c4 {[%clk 01:30:54]} {[%emt 00:00:25]} e6 {[%clk 01:30:10]}
{[%emt 00:00:46]} 3. Nf3 {[%clk 01:30:43]} {[%emt 00:00:40]} d5 {[%clk
01:30:10]} {[%emt 00:00:31]} 4. g3 {[%clk 01:30:45]} {[%emt 00:00:28]} Bb4+
{[%clk 01:29:34]} {[%emt 00:01:06]} 5. Bd2 {[%clk 01:30:42]} {[%emt 00:00:33]}
Be7 {[%clk 01:29:37]} {[%emt 00:00:27]} 6. Bg2 {[%clk 01:30:01]} {[%emt
00:01:11]} O-O {[%clk 01:29:43]} {[%emt 00:00:24]} 7. O-O {[%clk 01:29:40]}
{[%emt 00:00:52]} c6 {[%clk 01:29:26]} {[%emt 00:00:47]} 8. Qc2 {[%clk
01:27:42]} {[%emt 00:02:28]} b6 {[%clk 01:28:44]} {[%emt 00:01:12]} 9. Bf4
{[%clk 01:24:40]} {[%emt 00:03:32]} Bb7 {[%clk 01:26:36]} {[%emt 00:02:38]} 10.
Nbd2 {[%clk 01:22:53]} {[%emt 00:02:17]} Nbd7 {[%clk 01:22:41]} {[%emt
00:04:25]} 11. e4 {[%clk 01:15:20]} {[%emt 00:08:03]} Nxe4 {[%clk 01:22:06]}
{[%emt 00:01:05]} 12. Nxe4 {[%clk 01:15:32]} {[%emt 00:00:17]} dxe4 {[%clk
01:22:29]} {[%emt 00:00:07]} 13. Qxe4 {[%clk 01:15:40]} {[%emt 00:00:23]} Nf6
{[%clk 01:22:23]} {[%emt 00:00:36]} 14. Qe2 {[%clk 01:14:12]} {[%emt 00:01:58]}
c5 {[%clk 01:20:34]} {[%emt 00:02:19]} 15. Rfd1 {[%clk 01:12:08]} {[%emt
00:02:34]} cxd4 {[%clk 01:18:25]} {[%emt 00:02:39]} 16. Nxd4 {[%clk 01:09:27]}
{[%emt 00:03:11]} Qc8 {[%clk 01:16:46]} {[%emt 00:02:09]} 17. b3 {[%clk
01:01:53]} {[%emt 00:08:04]} Bc5 {[%clk 00:55:16]} {[%emt 00:22:00]} 18. Nb5
{[%clk 00:55:20]} {[%emt 00:07:04]} Bxg2 {[%clk 00:53:12]} {[%emt 00:02:33]} 19.
Kxg2 {[%clk 00:55:35]} {[%emt 00:00:15]} Qc6+ {[%clk 00:43:28]} {[%emt
00:10:14]} 20. Qf3 {[%clk 00:53:48]} {[%emt 00:02:17]} Ne4 {[%clk 00:41:42]}
{[%emt 00:02:16]} 21. Bd6 {[%clk 00:43:43]} {[%emt 00:10:35]} Rfc8 {[%clk
00:37:10]} {[%emt 00:05:02]} 22. Bxc5 {[%clk 00:43:19]} {[%emt 00:00:54]} bxc5
{[%clk 00:37:31]} {[%emt 00:00:08]} 23. Rd3 {[%clk 00:37:55]} {[%emt 00:05:54]}
f5 {[%clk 00:14:41]} {[%emt 00:23:20]} 24. Nc3 {[%clk 00:26:57]} {[%emt
00:11:28]} Rd8 {[%clk 00:09:47]} {[%emt 00:05:24]} 25. Re3 {[%clk 00:19:14]}
{[%emt 00:08:14]} Rd2 {[%clk 00:07:24]} {[%emt 00:02:52]} 26. Nxe4 {[%clk
00:18:28]} {[%emt 00:01:17]} fxe4 {[%clk 00:07:45]} {[%emt 00:00:09]} 27. Rxe4
{[%clk 00:16:04]} {[%emt 00:02:54]} Rf8 {[%clk 00:07:23]} {[%emt 00:00:52]} 28.
Rf4 {[%clk 00:16:10]} {[%emt 00:00:25]} Qxf3+ {[%clk 00:07:44]} {[%emt
00:00:08]} 29. Rxf3 {[%clk 00:16:28]} {[%emt 00:00:12]} Rxf3 {[%clk 00:08:01]}
{[%emt 00:00:14]} 30. Kxf3 {[%clk 00:16:55]} {[%emt 00:00:02]} Kf7 {[%clk
00:07:50]} {[%emt 00:00:41]} 31. h4 {[%clk 00:11:23]} {[%emt 00:06:02]} Kf6
{[%clk 00:06:07]} {[%emt 00:02:12]} 32. Ke3 {[%clk 00:09:55]} {[%emt 00:01:58]}
Rc2 {[%clk 00:05:09]} {[%emt 00:01:29]} 33. g4 {[%clk 00:06:35]} {[%emt
00:03:51]} g6 {[%clk 00:03:49]} {[%emt 00:01:50]} 34. Kf3 {[%clk 00:02:09]}
{[%emt 00:04:56]} h6 {[%clk 00:03:19]} {[%emt 00:00:59]} 35. Kg3 {[%clk
00:02:16]} {[%emt 00:00:23]} g5 {[%clk 00:02:59]} {[%emt 00:00:51]} 36. h5
{[%clk 00:01:32]} {[%emt 00:01:15]} Rd2 {[%clk 00:01:59]} {[%emt 00:01:29]} 37.
Kf3 {[%clk 00:00:58]} {[%emt 00:01:04]} Rd4 {[%clk 00:00:49]} {[%emt 00:01:40]}
38. Re1 {[%clk 00:00:45]} {[%emt 00:00:43]} Rd2 {[%clk 00:00:46]} {[%emt
00:00:33]} 39. Re2 {[%clk 00:00:43]} {[%emt 00:00:33]} Rd3+ {[%clk 00:01:00]}
{[%emt 00:00:15]} 40. Re3 {[%clk 00:00:50]} {[%emt 00:00:22]} Rd2 {[%clk
00:01:09]} {[%emt 00:00:22]} 41. Re2 {[%clk 00:28:14]} {[%emt 00:03:35]} Rd3+
{[%clk 00:24:06]} {[%emt 00:08:04]} 42. Kg2 {[%clk 00:28:16]} {[%emt 00:00:28]}
a5 {[%clk 00:23:42]} {[%emt 00:00:54]} 43. f3 {[%clk 00:13:39]} {[%emt
00:15:06]} Rd4 {[%clk 00:22:33]} {[%emt 00:01:40]} 44. Kg3 {[%clk 00:12:36]}
{[%emt 00:01:33]} Rd1 {[%clk 00:21:24]} {[%emt 00:01:39]} 45. Rb2 {[%clk
00:08:41]} {[%emt 00:04:25]} Ke5 {[%clk 00:17:29]} {[%emt 00:04:25]} 46. a3
{[%clk 00:02:47]} {[%emt 00:06:24]} Rg1+ {[%clk 00:12:48]} {[%emt 00:05:10]} 47.
Kf2 {[%clk 00:02:23]} {[%emt 00:00:54]} Rh1 {[%clk 00:13:11]} {[%emt 00:00:08]}
48. Kg3 {[%clk 00:02:29]} {[%emt 00:00:25]} Rg1+ {[%clk 00:13:33]} {[%emt
00:00:07]} 49. Kf2 {[%clk 00:02:55]} {[%emt 00:00:04]} Rh1 {[%clk 00:13:59]}
{[%emt 00:00:03]} 50. Kg2 {[%clk 00:02:21]} {[%emt 00:01:05]} Rc1 {[%clk
00:08:19]} {[%emt 00:06:10]} 51. b4 {[%clk 00:01:29]} {[%emt 00:01:22]} axb4
{[%clk 00:07:56]} {[%emt 00:00:52]} 52. axb4 {[%clk 00:01:53]} {[%emt
00:00:05]} Rxc4 {[%clk 00:08:20]} {[%emt 00:00:06]} 53. bxc5 {[%clk 00:01:34]}
{[%emt 00:00:50]} Rxc5 {[%clk 00:03:49]} {[%emt 00:05:01]} 54. Rb7 {[%clk
00:01:44]} {[%emt 00:00:19]} Kf4 {[%clk 00:03:27]} {[%emt 00:00:52]} 55. Rf7+
{[%clk 00:01:59]} {[%emt 00:00:16]} Ke3 {[%clk 00:03:48]} {[%emt 00:00:08]} 56.
Rf6 {[%clk 00:01:48]} {[%emt 00:00:41]} e5 {[%clk 00:04:14]} {[%emt 00:00:04]}
57. Re6 {[%clk 00:00:33]} {[%emt 00:01:45]} Kf4 {[%clk 00:04:35]} {[%emt
00:00:09]} 58. Rf6+ {[%clk 00:01:02]} {[%emt 00:00:02]} Ke3 {[%clk 00:04:59]}
{[%emt 00:00:05]} 59. Rxh6 {[%clk 00:00:46]} {[%emt 00:00:46]} Rc2+ {[%clk
00:05:22]} {[%emt 00:00:07]} 60. Kg3 {[%clk 00:00:57]} {[%emt 00:00:19]} Rf2
{[%clk 00:05:31]} {[%emt 00:00:21]} 61. Rf6 {[%clk 00:00:59]} {[%emt 00:00:28]}
e4 {[%clk 00:05:07]} {[%emt 00:00:54]} 62. h6 {[%clk 00:00:55]} {[%emt
00:00:34]} Rxf3 {[%clk 00:04:47]} {[%emt 00:00:50]} 63. Rxf3+ {[%clk 00:01:23]}
{[%emt 00:00:02]} exf3 {[%clk 00:05:09]} {[%emt 00:00:08]} 64. h7 {[%clk
00:01:50]} {[%emt 00:00:04]} f2 {[%clk 00:05:34]} {[%emt 00:00:04]} 65. h8=Q
{[%clk 00:02:10]} {[%emt 00:00:10]} f1=Q {[%clk 00:05:54]} {[%emt 00:00:10]} 66.
Qe5+ {[%clk 00:01:48]} {[%emt 00:00:52]} Kd2 {[%clk 00:06:05]} {[%emt
00:00:19]} 67. Qxg5+ {[%clk 00:01:35]} {[%emt 00:00:43]} Kd1 {[%clk 00:06:02]}
{[%emt 00:00:33]} 68. Qd5+ {[%clk 00:01:25]} {[%emt 00:00:41]} Kc1 {[%clk
00:06:12]} {[%emt 00:00:19]} 69. Qc5+ {[%clk 00:01:28]} {[%emt 00:00:27]} Kd1
{[%clk 00:06:12]} {[%emt 00:00:30]} 70. Qd4+ {[%clk 00:01:13]} {[%emt
00:00:45]}
1-0

[Event "Landsturneringen 2022"]
[Site "Kongsvingerhallen"]
[Date "2022.07.08"]
[Round "5"]
[White "Nilsen, Tobias Lang"]
[Black "Moen, Ole Christian"]
[Result "1-0"]
[WhiteElo "2283"]
[BlackElo "2152"]
1. e4 {[%clk 01:30:57]} {[%emt 00:00:02]} e5 {[%clk 01:30:50]} {[%emt
00:00:10]} 2. Nf3 {[%clk 01:31:20]} {[%emt 00:00:08]} Nc6 {[%clk 01:30:55]}
{[%emt 00:00:24]} 3. Bb5 {[%clk 01:31:41]} {[%emt 00:00:09]} a6 {[%clk
01:31:22]} {[%emt 00:00:04]} 4. Ba4 {[%clk 01:32:04]} {[%emt 00:00:07]} d6
{[%clk 01:31:47]} {[%emt 00:00:05]} 5. O-O {[%clk 01:32:21]} {[%emt 00:00:13]}
b5 {[%clk 01:32:04]} {[%emt 00:00:13]} 6. Bb3 {[%clk 01:32:40]} {[%emt
00:00:12]} Na5 {[%clk 01:32:31]} {[%emt 00:00:02]} 7. d4 {[%clk 01:24:31]}
{[%emt 00:08:39]} Nxb3 {[%clk 01:31:49]} {[%emt 00:01:12]} 8. axb3 {[%clk
01:24:54]} {[%emt 00:00:07]} f6 {[%clk 01:32:14]} {[%emt 00:00:05]} 9. Nc3
{[%clk 01:03:34]} {[%emt 00:21:50]} Bb7 {[%clk 01:29:29]} {[%emt 00:03:15]} 10.
Qd3 {[%clk 00:50:35]} {[%emt 00:13:29]} Ne7 {[%clk 01:21:04]} {[%emt 00:08:54]}
11. Ne2 {[%clk 00:50:44]} {[%emt 00:00:21]} c5 {[%clk 01:19:42]} {[%emt
00:01:52]} 12. c3 {[%clk 00:47:41]} {[%emt 00:03:34]} Qc8 {[%clk 01:15:57]}
{[%emt 00:04:14]} 13. Nd2 {[%clk 00:44:40]} {[%emt 00:03:32]} Qg4 {[%clk
01:05:21]} {[%emt 00:11:05]} 14. f4 {[%clk 00:39:23]} {[%emt 00:05:48]} O-O-O
{[%clk 01:00:51]} {[%emt 00:04:58]} 15. d5 {[%clk 00:37:58]} {[%emt 00:01:57]}
f5 {[%clk 00:56:07]} {[%emt 00:05:13]} 16. c4 {[%clk 00:37:46]} {[%emt
00:00:43]} b4 {[%clk 00:47:45]} {[%emt 00:08:53]} 17. fxe5 {[%clk 00:36:57]}
{[%emt 00:01:18]} dxe5 {[%clk 00:48:07]} {[%emt 00:00:08]} 18. exf5 {[%clk
00:37:06]} {[%emt 00:00:22]} Nc6 {[%clk 00:48:31]} {[%emt 00:00:06]} 19. Qe4
{[%clk 00:31:19]} {[%emt 00:06:17]} Qxe4 {[%clk 00:48:34]} {[%emt 00:00:28]} 20.
Nxe4 {[%clk 00:31:44]} {[%emt 00:00:05]} Nd4 {[%clk 00:48:33]} {[%emt
00:00:31]} 21. Nxd4 {[%clk 00:32:08]} {[%emt 00:00:06]} cxd4 {[%clk 00:48:11]}
{[%emt 00:00:52]} 22. Bg5 {[%clk 00:31:01]} {[%emt 00:01:36]} Rd7 {[%clk
00:48:12]} {[%emt 00:00:29]} 23. Rae1 {[%clk 00:29:41]} {[%emt 00:01:51]} Kc7
{[%clk 00:47:55]} {[%emt 00:00:47]} 24. f6 {[%clk 00:29:08]} {[%emt 00:01:03]}
h6 {[%clk 00:43:37]} {[%emt 00:04:48]} 25. Bh4 {[%clk 00:29:26]} {[%emt
00:00:12]} gxf6 {[%clk 00:41:20]} {[%emt 00:02:46]} 26. Nxf6 {[%clk 00:29:47]}
{[%emt 00:00:10]} Rd8 {[%clk 00:36:01]} {[%emt 00:05:48]} 27. Ng4 {[%clk
00:28:31]} {[%emt 00:01:45]} Re8 {[%clk 00:29:43]} {[%emt 00:06:46]} 28. Bf6
{[%clk 00:27:44]} {[%emt 00:01:21]} Rg8 {[%clk 00:27:20]} {[%emt 00:02:52]} 29.
Bxe5+ {[%clk 00:28:08]} {[%emt 00:00:06]} Bd6 {[%clk 00:27:36]} {[%emt
00:00:15]} 30. Bxd6+ {[%clk 00:28:28]} {[%emt 00:00:11]} Kxd6 {[%clk 00:27:57]}
{[%emt 00:00:08]} 31. Nf6 {[%clk 00:28:46]} {[%emt 00:00:11]} Rxe1 {[%clk
00:27:44]} {[%emt 00:00:43]} 32. Rxe1 {[%clk 00:29:11]} {[%emt 00:00:06]} Rf8
{[%clk 00:27:32]} {[%emt 00:00:41]} 33. Ne4+ {[%clk 00:29:24]} {[%emt
00:00:18]} Kc7 {[%clk 00:27:44]} {[%emt 00:00:18]} 34. Rd1 {[%clk 00:29:31]}
{[%emt 00:00:23]} Bc8 {[%clk 00:27:26]} {[%emt 00:00:47]} 35. Rxd4 {[%clk
00:29:32]} {[%emt 00:00:30]} Rf4 {[%clk 00:26:47]} {[%emt 00:01:08]} 36. g3
{[%clk 00:29:55]} {[%emt 00:00:09]} Rf3 {[%clk 00:24:54]} {[%emt 00:02:23]} 37.
Nd2 {[%clk 00:29:52]} {[%emt 00:00:32]} Rf5 {[%clk 00:24:19]} {[%emt 00:01:06]}
38. Rf4 {[%clk 00:30:13]} {[%emt 00:00:08]} Re5 {[%clk 00:24:34]} {[%emt
00:00:14]} 39. Kf2 {[%clk 00:30:37]} {[%emt 00:00:06]} h5 {[%clk 00:24:48]}
{[%emt 00:00:16]} 40. Ne4 {[%clk 00:30:54]} {[%emt 00:00:13]} Bf5 {[%clk
00:24:55]} {[%emt 00:00:22]} 41. Ke3 {[%clk 00:31:03]} {[%emt 00:00:23]} Bg4
{[%clk 00:25:05]} {[%emt 00:00:20]} 42. Kd4 {[%clk 00:31:25]} {[%emt 00:00:07]}
Re8 {[%clk 00:25:14]} {[%emt 00:00:21]} 43. Rf7+ {[%clk 00:31:38]} {[%emt
00:00:18]}
1-0

[Event "Landsturneringen 2022"]
[Site "Kongsvingerhallen"]
[Date "2022.07.08"]
[Round "6"]
[White "Mitusov, Semen"]
[Black "Kvaløy, Aksel Bu"]
[Result "1-0"]
[WhiteElo "2378"]
[BlackElo "2289"]
1. e4 {[%clk 01:30:23]} {[%emt 00:00:37]} e5 {[%clk 01:30:43]} {[%emt
00:00:18]} 2. Nf3 {[%clk 01:30:04]} {[%emt 00:00:49]} Nc6 {[%clk 01:30:56]}
{[%emt 00:00:17]} 3. Bc4 {[%clk 01:29:39]} {[%emt 00:00:55]} Nf6 {[%clk
01:30:59]} {[%emt 00:00:27]} 4. d3 {[%clk 01:30:02]} {[%emt 00:00:06]} Bc5
{[%clk 01:30:37]} {[%emt 00:00:51]} 5. c3 {[%clk 01:29:20]} {[%emt 00:01:14]}
a6 {[%clk 01:29:56]} {[%emt 00:01:11]} 6. O-O {[%clk 01:28:26]} {[%emt
00:01:23]} Ba7 {[%clk 01:29:05]} {[%emt 00:01:21]} 7. a4 {[%clk 01:26:59]}
{[%emt 00:01:57]} d6 {[%clk 01:27:17]} {[%emt 00:02:18]} 8. a5 {[%clk
01:25:09]} {[%emt 00:02:20]} h6 {[%clk 01:20:49]} {[%emt 00:06:58]} 9. b4
{[%clk 01:16:32]} {[%emt 00:09:08]} O-O {[%clk 01:17:01]} {[%emt 00:04:16]} 10.
h3 {[%clk 01:16:02]} {[%emt 00:01:01]} Ne7 {[%clk 01:15:31]} {[%emt 00:02:00]}
11. Bb3 {[%clk 01:14:44]} {[%emt 00:01:48]} Ng6 {[%clk 01:13:15]} {[%emt
00:02:45]} 12. Re1 {[%clk 01:14:22]} {[%emt 00:00:53]} Qe7 {[%clk 01:08:43]}
{[%emt 00:05:01]} 13. Be3 {[%clk 01:12:41]} {[%emt 00:02:12]} Bxe3 {[%clk
01:08:24]} {[%emt 00:00:49]} 14. Rxe3 {[%clk 01:12:56]} {[%emt 00:00:14]} Be6
{[%clk 01:06:20]} {[%emt 00:02:34]} 15. Nbd2 {[%clk 01:11:21]} {[%emt
00:02:06]} Rad8 {[%clk 00:58:59]} {[%emt 00:07:51]} 16. d4 {[%clk 01:08:28]}
{[%emt 00:03:23]} Rfe8 {[%clk 00:54:02]} {[%emt 00:05:26]} 17. dxe5 {[%clk
00:53:50]} {[%emt 00:15:09]} dxe5 {[%clk 00:48:25]} {[%emt 00:06:07]} 18. Bxe6
{[%clk 00:47:54]} {[%emt 00:06:26]} Qxe6 {[%clk 00:48:18]} {[%emt 00:00:37]} 19.
Qc2 {[%clk 00:43:53]} {[%emt 00:04:31]} Qc6 {[%clk 00:41:13]} {[%emt 00:07:35]}
20. Nb3 {[%clk 00:39:27]} {[%emt 00:04:56]} Rd6 {[%clk 00:39:00]} {[%emt
00:02:42]} 21. Nc5 {[%clk 00:38:48]} {[%emt 00:01:10]} Nd7 {[%clk 00:34:46]}
{[%emt 00:04:44]} 22. Nd3 {[%clk 00:38:29]} {[%emt 00:00:49]} Nf4 {[%clk
00:28:00]} {[%emt 00:07:16]} 23. Rd1 {[%clk 00:32:22]} {[%emt 00:06:37]} Nxd3
{[%clk 00:25:45]} {[%emt 00:02:44]} 24. Rdxd3 {[%clk 00:32:38]} {[%emt
00:00:14]} Nf6 {[%clk 00:23:49]} {[%emt 00:02:26]} 25. c4 {[%clk 00:28:47]}
{[%emt 00:04:22]} Rxd3 {[%clk 00:20:02]} {[%emt 00:04:17]} 26. Qxd3 {[%clk
00:29:04]} {[%emt 00:00:13]} Qd6 {[%clk 00:17:51]} {[%emt 00:02:41]} 27. Qxd6
{[%clk 00:25:27]} {[%emt 00:04:07]} cxd6 {[%clk 00:18:19]} 28. Nd2 {[%clk
00:25:43]} {[%emt 00:00:14]} Kf8 {[%clk 00:17:36]} {[%emt 00:01:13]} 29. Rb3
{[%clk 00:23:40]} {[%emt 00:02:33]} Nd7 {[%clk 00:17:02]} {[%emt 00:01:04]} 30.
Nf1 {[%clk 00:23:15]} {[%emt 00:00:55]} Rc8 {[%clk 00:15:31]} {[%emt 00:02:02]}
31. Ne3 {[%clk 00:23:40]} {[%emt 00:00:05]} g6 {[%clk 00:15:20]} {[%emt
00:00:40]} 32. Kf1 {[%clk 00:21:03]} {[%emt 00:03:07]} Ke7 {[%clk 00:12:49]}
{[%emt 00:03:01]} 33. Ke2 {[%clk 00:21:08]} {[%emt 00:00:25]} Ke6 {[%clk
00:12:39]} {[%emt 00:00:40]} 34. g4 {[%clk 00:20:27]} {[%emt 00:01:11]} Nb8
{[%clk 00:09:09]} {[%emt 00:04:01]} 35. Kd3 {[%clk 00:20:22]} {[%emt 00:00:35]}
Nc6 {[%clk 00:09:02]} {[%emt 00:00:37]} 36. Rb1 {[%clk 00:19:12]} {[%emt
00:01:39]} Nd4 {[%clk 00:05:08]} {[%emt 00:04:24]} 37. Rg1 {[%clk 00:13:43]}
{[%emt 00:05:57]} Nc6 {[%clk 00:02:56]} {[%emt 00:02:44]} 38. Nd5 {[%clk
00:12:44]} {[%emt 00:01:29]} Rh8 {[%clk 00:02:03]} {[%emt 00:01:23]} 39. h4
{[%clk 00:11:53]} {[%emt 00:01:21]} Ne7 {[%clk 00:01:00]} {[%emt 00:01:33]} 40.
f4 {[%clk 00:10:56]} {[%emt 00:01:26]} exf4 {[%clk 00:00:41]} {[%emt 00:00:49]}
41. Nxf4+ {[%clk 00:10:45]} {[%emt 00:00:41]} Kd7 {[%clk 00:28:23]} {[%emt
00:02:48]} 42. Rf1 {[%clk 00:34:14]} {[%emt 00:07:01]} Rc8 {[%clk 00:13:03]}
{[%emt 00:15:50]} 43. Nd5 {[%clk 00:29:55]} {[%emt 00:04:49]} Nxd5 {[%clk
00:13:01]} {[%emt 00:00:31]} 44. exd5 {[%clk 00:30:15]} {[%emt 00:00:11]} Rf8
{[%clk 00:13:03]} {[%emt 00:00:28]} 45. g5 {[%clk 00:25:57]} {[%emt 00:04:48]}
Ke7 {[%clk 00:11:36]} {[%emt 00:01:56]} 46. Re1+ {[%clk 00:24:44]} {[%emt
00:01:44]} Kd7 {[%clk 00:11:38]} {[%emt 00:00:28]} 47. Rf1 {[%clk 00:24:39]}
{[%emt 00:00:35]} Ke7 {[%clk 00:11:46]} {[%emt 00:00:21]} 48. c5 {[%clk
00:23:47]} {[%emt 00:01:22]} hxg5 {[%clk 00:10:59]} {[%emt 00:01:17]} 49. hxg5
{[%clk 00:24:14]} {[%emt 00:00:04]} Rh8 {[%clk 00:08:45]} {[%emt 00:02:43]} 50.
Rf6 {[%clk 00:17:48]} {[%emt 00:06:57]} Rh3+ {[%clk 00:08:15]} {[%emt
00:01:00]} 51. Ke4 {[%clk 00:16:41]} {[%emt 00:01:37]} Rh4+ {[%clk 00:05:01]}
{[%emt 00:03:43]} 52. Rf4 {[%clk 00:17:06]} {[%emt 00:00:05]} Rh5 {[%clk
00:04:44]} {[%emt 00:00:47]} 53. cxd6+ {[%clk 00:15:32]} {[%emt 00:02:04]} Kxd6
{[%clk 00:05:10]} {[%emt 00:00:04]} 54. Rf6+ {[%clk 00:15:41]} {[%emt
00:00:21]} Ke7 {[%clk 00:05:04]} {[%emt 00:00:36]} 55. Rb6 {[%clk 00:13:30]}
{[%emt 00:02:41]} Rxg5 {[%clk 00:04:54]} {[%emt 00:00:40]} 56. Rxb7+ {[%clk
00:13:53]} {[%emt 00:00:07]} Kd6 {[%clk 00:04:19]} {[%emt 00:01:03]} 57. Rb6+
{[%clk 00:13:58]} {[%emt 00:00:27]} Ke7 {[%clk 00:03:24]} {[%emt 00:01:25]} 58.
Kd4 {[%clk 00:13:57]} {[%emt 00:00:30]} f5 {[%clk 00:02:52]} {[%emt 00:01:02]}
59. Rxa6 {[%clk 00:14:11]} {[%emt 00:00:17]} f4 {[%clk 00:03:05]} {[%emt
00:00:17]} 60. Re6+ {[%clk 00:14:06]} {[%emt 00:00:34]} Kd7 {[%clk 00:01:19]}
{[%emt 00:02:15]} 61. Rf6 {[%clk 00:14:05]} {[%emt 00:00:32]} Rg4 {[%clk
00:01:16]} {[%emt 00:00:34]} 62. a6 {[%clk 00:14:18]} {[%emt 00:00:17]} f3+
{[%clk 00:01:37]} {[%emt 00:00:08]} 63. Kc5 {[%clk 00:14:34]} {[%emt 00:00:14]}
Ke7 {[%clk 00:01:35]} {[%emt 00:00:32]} 64. Rxf3 {[%clk 00:14:56]} {[%emt
00:00:09]}
1-0

[Event "Landsturneringen 2022"]
[Site "Kongsvingerhallen"]
[Date "2022.07.08"]
[Round "6"]
[White "Nilsen, Tobias Lang"]
[Black "Øye-Strømberg, Alexander"]
[Result "0-1"]
[WhiteElo "2283"]
[BlackElo "2304"]
1. e4 {[%clk 01:30:58]} {[%emt 00:00:01]} e6 {[%clk 01:30:32]} {[%emt
00:00:28]} 2. d4 {[%clk 01:31:20]} {[%emt 00:00:08]} d5 {[%clk 01:30:58]}
{[%emt 00:00:04]} 3. Nd2 {[%clk 01:31:30]} {[%emt 00:00:20]} Be7 {[%clk
01:31:10]} {[%emt 00:00:18]} 4. Ngf3 {[%clk 01:31:05]} {[%emt 00:00:55]} Nf6
{[%clk 01:31:27]} {[%emt 00:00:13]} 5. e5 {[%clk 01:31:28]} {[%emt 00:00:07]}
Nfd7 {[%clk 01:31:52]} {[%emt 00:00:05]} 6. Bd3 {[%clk 01:31:50]} {[%emt
00:00:08]} c5 {[%clk 01:32:07]} {[%emt 00:00:16]} 7. c3 {[%clk 01:31:43]}
{[%emt 00:00:36]} Nc6 {[%clk 01:32:14]} {[%emt 00:00:22]} 8. O-O {[%clk
01:32:04]} {[%emt 00:00:10]} a5 {[%clk 01:32:09]} {[%emt 00:00:35]} 9. dxc5
{[%clk 01:02:46]} {[%emt 00:29:48]} Ndxe5 {[%clk 01:27:43]} {[%emt 00:04:55]}
10. Nxe5 {[%clk 01:01:38]} {[%emt 00:01:38]} Nxe5 {[%clk 01:28:06]} {[%emt
00:00:06]} 11. Bb5+ {[%clk 01:01:31]} {[%emt 00:00:37]} Bd7 {[%clk 01:28:18]}
{[%emt 00:00:19]} 12. Bxd7+ {[%clk 01:01:41]} {[%emt 00:00:21]} Nxd7 {[%clk
01:28:30]} {[%emt 00:00:17]} 13. b4 {[%clk 00:59:57]} {[%emt 00:02:14]} axb4
{[%clk 01:28:39]} {[%emt 00:00:21]} 14. cxb4 {[%clk 01:00:21]} {[%emt
00:00:06]} Bf6 {[%clk 01:28:06]} {[%emt 00:01:03]} 15. Rb1 {[%clk 01:00:29]}
{[%emt 00:00:22]} Rxa2 {[%clk 01:26:55]} {[%emt 00:01:40]} 16. Nb3 {[%clk
00:58:58]} {[%emt 00:02:02]} O-O {[%clk 01:22:21]} {[%emt 00:05:03]} 17. Be3
{[%clk 00:58:45]} {[%emt 00:00:44]} Ra8 {[%clk 01:18:05]} {[%emt 00:04:46]} 18.
f4 {[%clk 00:50:33]} {[%emt 00:08:42]} Re8 {[%clk 00:59:57]} {[%emt 00:18:38]}
19. Qd3 {[%clk 00:44:12]} {[%emt 00:06:51]} Qc7 {[%clk 00:43:07]} {[%emt
00:17:19]} 20. Nd4 {[%clk 00:35:25]} {[%emt 00:09:18]} Bxd4 {[%clk 00:41:17]}
{[%emt 00:02:20]} 21. Qxd4 {[%clk 00:34:54]} {[%emt 00:01:02]} Nf6 {[%clk
00:40:43]} {[%emt 00:01:03]} 22. Ra1 {[%clk 00:34:19]} {[%emt 00:01:06]} Qd7
{[%clk 00:35:44]} {[%emt 00:05:28]} 23. Rf2 {[%clk 00:26:58]} {[%emt 00:07:51]}
Ra4 {[%clk 00:34:50]} {[%emt 00:01:24]} 24. Rfa2 {[%clk 00:27:10]} {[%emt
00:00:18]} Rea8 {[%clk 00:35:04]} {[%emt 00:00:16]} 25. Qb2 {[%clk 00:25:06]}
{[%emt 00:02:34]} Qb5 {[%clk 00:34:16]} {[%emt 00:01:18]} 26. Bd4 {[%clk
00:25:28]} {[%emt 00:00:07]} Ne4 {[%clk 00:30:00]} {[%emt 00:04:46]} 27. h3
{[%clk 00:24:32]} {[%emt 00:01:27]} Rxa2 {[%clk 00:16:00]} {[%emt 00:14:30]} 28.
Rxa2 {[%clk 00:24:00]} {[%emt 00:01:02]} Rxa2 {[%clk 00:16:27]} {[%emt
00:00:02]} 29. Qxa2 {[%clk 00:24:19]} {[%emt 00:00:12]} h5 {[%clk 00:16:47]}
{[%emt 00:00:09]} 30. Qa8+ {[%clk 00:23:07]} {[%emt 00:01:42]} Kh7 {[%clk
00:17:12]} {[%emt 00:00:05]} 31. Qf8 {[%clk 00:23:16]} {[%emt 00:00:22]} f6
{[%clk 00:17:37]} {[%emt 00:00:06]} 32. Qf7 {[%clk 00:19:31]} {[%emt 00:04:14]}
Qe2 {[%clk 00:18:01]} {[%emt 00:00:05]} 33. f5 {[%clk 00:19:47]} {[%emt
00:00:14]} exf5 {[%clk 00:16:37]} {[%emt 00:01:54]} 34. Qxd5 {[%clk 00:19:43]}
{[%emt 00:00:35]} Kg6 {[%clk 00:14:41]} {[%emt 00:02:26]} 35. Qd7 {[%clk
00:17:34]} {[%emt 00:02:39]} Nd2 {[%clk 00:13:41]} {[%emt 00:01:29]} 36. Qd6
{[%clk 00:09:34]} {[%emt 00:08:30]} h4 {[%clk 00:12:51]} {[%emt 00:01:20]} 37.
Kh1 {[%clk 00:09:54]} {[%emt 00:00:10]} Ne4 {[%clk 00:11:18]} {[%emt 00:02:03]}
38. Bg1 {[%clk 00:06:56]} {[%emt 00:03:28]} Nxd6 {[%clk 00:11:39]} {[%emt
00:00:09]}
0-1